Linie autobusowe w PKM Jaworzno - Statystyki

Ogólne statystyki
  • Ten quiz został rozwiązany 242 razy
  • Średni wynik to 21 z 27
Statystyki odpowiedzi
Linia % Poprawnych
A
93%
E
90%
J
88%
307
87%
S
87%
303
85%
304
85%
305
84%
312
84%
314
82%
319
82%
311
79%
313
78%
321
78%
306
77%
370
77%
372
77%
373
77%
326
76%
350
76%
369
74%
374
73%
328
72%
367
72%
368
68%
N1
64%
N2
60%
Nie znaleziono quizów pasujących do podanych kryteriów
Rozkład punktacji
Procent ludzi z każdym wynikiem
Percentyl według liczby udzielonych odpowiedzi
Twoja historia wyników
Nie rozwiązałeś tego quizu